Sprawdź swoją wiedzę o piłce nożnej! #002 - Statystyki

Ogólne statystyki
  • Ten quiz został rozwiązany 816 razy
  • Średni wynik to 11 z 15
Statystyki odpowiedzi
Hint Odpowiedź % Poprawnych
Zawodnik, który w 2018 roku przerwał serię dziesięciu złotych piłek z rzędu Lionela Messiego i Cristiano Ronaldo. Podczas swojej kariery występował w Tottenhamie. Luka Modrić
98%
Klub, w którym grali m.in.: Alessandro Del Piero, Gianluigi Buffon, czy Dino Zoff. Juventus Turyn
96%
Jak słyszysz "You'll never walk alone" na myśl przychodzi Ci tylko jeden angielski klub .... Liverpool FC
87%
Znany trener, który wygrał niejednokrotnie ligę hiszpańską, niemiecką i angielską. Dołożył do swojego osiągnięcia dwa trofea Ligi Mistrzów. Pep Guardiola
84%
Argentyński napastnik, w sezonie 2014/2015 był najlepszym strzelcem ligi angielskiej. Sergio Aguero
84%
Najlepszy bramkarz Mistrzostw Świata 2014 w Brazylii, rozegrał 335 (na stan: 17.05.2019) występów w Bayernie Monachium. Manuel Neuer
83%
Zawodnik z Afryki, który niedawno pobił rekord strzelonych bramek w Premier League w jednym sezonie (od czasu kiedy wprowadzono 38 meczów w sezonie). Mohamed Salah
82%
Zawodnik, na którego cześć nazwano stadiony Ajaxu Amsterdam oraz FC Barcelony B. Johan Cruyff
81%
Klub, który 3 razy wygrał Puchar Europy (Ligę Mistrzów), dołożył do tego najwięcej trofeów ligi angielskiej (Premier League). Manchester United
78%
Reprezentacja, w której barwach grało najwięcej zdobywców złotej piłki (ex aequo z Włochami). Znani są z potężnego zwycięstwa z Brazylią (w dniu 8 lipca 2014 r.). Reprezentacja Niemiec
78%
Najlepszy strzelec w historii reprezentacji Polski. Robert Lewandowski
76%
Urodził się 28 czerwca 1991 r., w jednym z państw "Beneluksu". Przed przejściem do obecnego klubu występował w takich klubach jak np.: KRC Genk, Vfl Wolfsburg i Chelsea Londyn. Kevin De Bruyne
53%
Reprezentacja, która nosi przydomek "Synowie Albionu". Podczas Mistrzostw Świata w Rosji była to pierwsza reprezentacja, w której każdy zawodnik występował na co dzień w rodzimej lidze. Reprezentacja Anglii
47%
Dwukrotny finalista Ligi Mistrzów, lecz nigdy jej nie wygrał. Gra na pozycji środkowego napastnika, wygrał Mistrzostwo Świata i Ligę Europy. Antoine Griezmann
41%
Rozegrał najwięcej występów w historii Ligi Mistrzów, dodatkowo wygrywał ją w sezonach: 1999/2000, 2001/2002 i 2013/2014. Iker Casillas
28%
Nie znaleziono quizów pasujących do podanych kryteriów
Rozkład punktacji
Procent ludzi z każdym wynikiem
Percentyl według liczby udzielonych odpowiedzi
Twoja historia wyników
Nie rozwiązałeś tego quizu